000 00302nam a22001217a 4500
082 _a530
_bBAT/S
100 _aSUNIL BATRA
245 _aSARASWATI COMPETITION BOOSTER PHYSICS
_bCLASS XII
260 _aDELHI
_bSARASWATI HOUSE PVT LTD
300 _a260
650 _aPHYSICS FOR CLASS XII
_zINDIA
942 _cBK
999 _c670
_d670